[Event "HUN-chT4 2223"]
[Site "Gyor"]
[Date "2022.10.09"]
[Round "1"]
[White "Szeles, Zoltan Jr"]
[Black "Toth, Milan"]
[Result "1-0"]
[WhiteElo "1542"]
[BlackElo "1110"]
[PlyCount "71"]
[EventDate "2022.10.09"]
[EventType "team-tourn"]
[EventRounds "7"]
[EventCountry "HUN"]
[SourceTitle "EXT 2024"]
[Source "ChessBase"]
[SourceDate "2023.10.10"]
[SourceVersion "1"]
[SourceVersionDate "2023.10.10"]
[SourceQuality "1"]
[WhiteTeam "Gyor Bastya"]
[BlackTeam "Level KSE"]
[WhiteTeamCountry "HUN"]
[BlackTeamCountry "HUN"]

1. e4 e5 2. Nf3 Bc5 3. d4 Bd6 4. dxe5 Bc5 5. Bc4 Ne7 6. Ng5 Rf8 7. Nxh7 Rh8 8. Ng5 Nbc6 9. Nxf7 Rh4 10. Qf3 Nxe5 11. Nxe5 Nf5 12. Qxf5 Qf6 13. Bf7+ Kf8 14. Ng6+ Kxf7 15. Nxh4 d6 16. Qxf6+ gxf6 17. Be3 b6 18. Bxc5 bxc5 19. Nc3 Ba6 20. 0-0-0 Rh8 21. Nf5 Rd8 22. f4 c4 23. Nd5 Bb7 24. Nxc7 Rd7 25. Nxd6+ Ke7 26. Nxb7 Rxc7 27. Na5 Rc5 28. Rd5 Rxd5 29. exd5 Kd6 30. Rd1 a6 31. Nxc4+ Kc5 32. d6 Kxc4 33. d7 a5 34. d8Q f5 35. Qd5+ Kb4 36. Rd4# 1-0

[Event "HUN-chT4 Chalupetzky 1718"]
[Site "Hungary"]
[Date "2017.12.10"]
[Round "4.4"]
[White "Sebestyen, Laszlo Jr"]
[Black "Szeles, Zoltan Jr"]
[Result "0-1"]
[WhiteElo "1353"]
[BlackElo "1616"]
[PlyCount "100"]
[EventDate "2017.10.15"]
[EventType "team-tourn"]
[EventRounds "7"]
[EventCountry "HUN"]
[SourceTitle "EXT 2019"]
[Source "ChessBase"]
[SourceDate "2018.10.10"]
[SourceVersion "1"]
[SourceVersionDate "2018.10.10"]
[SourceQuality "1"]
[WhiteTeam "Gonyu"]
[BlackTeam "Gyor Bastya"]
[WhiteTeamCountry "HUN"]
[BlackTeamCountry "HUN"]

1. e4 c5 2. b3 d6 3. Nf3 g6 4. Bb2 Nf6 5. Bxf6 exf6 6. Bb5+ Bd7 7. Bxd7+ Nxd7 8. c3 Bg7 9. 0-0 0-0 10. Qc2 Re8 11. d3 Ne5 12. Nbd2 d5 13. exd5 Qxd5 14. Ne1 Rad8 15. c4 Qd4 16. Rd1 Nxd3 17. Ndf3 Nxe1 18. Rfxe1 Rxe1+ 19. Rxe1 Qd6 20. g3 f5 21. Kg2 Qc6 22. Re3 Bh6 23. Rd3 Rxd3 24. Qxd3 Qe4 25. Qxe4 fxe4 26. Ne1 Kg7 27. Kf1 Kf6 28. Ke2 Ke5 29. f3 Kd4 30. fxe4 Kxe4 31. Nc2 f5 32. a4 f4 33. g4 f3+ 34. Kf2 Kd3 35. Ne1+ Kc3 36. Nxf3 Kxb3 37. g5 Bg7 38. Nd2+ Kxa4 39. Ke3 Kb4 40. Kd3 a5 41. Ne4 a4 42. Nd6 a3 43. Nxb7 a2 44. Nxc5 Kxc5 45. h4 a1Q 46. Ke3 Qd4+ 47. Kf3 Qxh4 48. Ke3 Bd4+ 49. Kd3 Qg3+ 50. Ke4 Qe3# 0-1

[Event "HUN-chT4 1617"]
[Site "Hungary"]
[Date "2017.02.19"]
[Round "5.2"]
[White "Balogh, Akos"]
[Black "Szeles, Zoltan Jr"]
[Result "0-1"]
[WhiteElo "1608"]
[BlackElo "1577"]
[PlyCount "74"]
[EventDate "2016.10.02"]
[EventType "team-tourn"]
[EventRounds "7"]
[EventCountry "HUN"]
[SourceTitle "EXT 2019"]
[Source "ChessBase"]
[SourceDate "2018.10.10"]
[SourceVersion "1"]
[SourceVersionDate "2018.10.10"]
[SourceQuality "1"]

1. d4 d5 2. g3 Nf6 3. Bg2 e6 4. Nf3 Nc6 5. 0-0 Bd6 6. a3 0-0 7. Nc3 a6 8. b4 b5 9. Bb2 Bb7 10. Na2 a5 11. bxa5 Rxa5 12. Nc1 Qa8 13. Nb3 Ra4 14. Qc1 b4 15. axb4 Rxa1 16. Bxa1 Nxb4 17. Bb2 Qa2 18. Nfd2 Ne4 19. Bxe4 dxe4 20. Nc4 Ba6 21. Nxd6 cxd6 22. Re1 Rc8 23. Na1 Qc4 24. c3 Na2 25. Qf4 d5 26. e3 Nxc3 27. Qd6 Ne2+ 28. Kg2 Qd3 29. Nb3 Bc4 30. Qd7 Rb8 31. Ra1 Bb5 32. Qc7 Re8 33. Ra7 Nf4+ 34. gxf4 Qf1+ 35. Kg3 Qg1+ 36. Kh4 Qxh2+ 37. Kg5 h6+ 0-1

[Event "HUN-chT4 1617"]
[Site "Hungary"]
[Date "2016.12.04"]
[Round "3.1"]
[White "Szeles, Zoltan Jr"]
[Black "Nagy, Istvan Miklos"]
[Result "0-1"]
[WhiteElo "1592"]
[BlackElo "1818"]
[PlyCount "64"]
[EventDate "2016.10.02"]
[EventType "team-tourn"]
[EventRounds "7"]
[EventCountry "HUN"]
[SourceTitle "EXT 2019"]
[Source "ChessBase"]
[SourceDate "2018.10.10"]
[SourceVersion "1"]
[SourceVersionDate "2018.10.10"]
[SourceQuality "1"]

1. e4 c5 2. Nf3 d6 3. d4 cxd4 4. Nxd4 Nf6 5. Nc3 g6 6. Bc4 Bg7 7. Be3 0-0 8. Qd2 Nc6 9. 0-0-0 Ng4 10. Nxc6 bxc6 11. f3 Nxe3 12. Qxe3 Be6 13. Bxe6 fxe6 14. f4 Qa5 15. e5 Bh6 16. Rhf1 dxe5 17. g3 Rab8 18. Rd7 Rf7 19. Qxa7 Qxa7 20. Rxa7 exf4 21. gxf4 Bxf4+ 22. Rxf4 Rxf4 23. Rxe7 Rf1+ 24. Kd2 Rf2+ 25. Kd3 Rd8+ 26. Kc4 Rxc2 27. Rxe6 Rxb2 28. Rxc6 Rxh2 29. a4 Rh4+ 30. Kb5 Rb8+ 31. Rb6 Rxb6+ 32. Kxb6 Rc4 0-1

[Event "HUN-chT4 Chalupetzky 1516"]
[Site "Fertoszentmiklos"]
[Date "2016.03.06"]
[Round "6.6"]
[White "Horvath, Zoltan1111"]
[Black "Szeles, Zoltan Jr"]
[Result "1/2-1/2"]
[WhiteElo "1721"]
[BlackElo "1597"]
[PlyCount "76"]
[EventDate "2015.10.11"]
[EventType "team-tourn"]
[EventRounds "7"]
[EventCountry "HUN"]
[SourceTitle "EXT 2017"]
[Source "ChessBase"]
[SourceDate "2016.10.25"]
[SourceVersion "1"]
[SourceVersionDate "2016.10.25"]
[SourceQuality "1"]
[WhiteTeam "UDSE II"]
[BlackTeam "Gyor Bastya"]
[WhiteTeamCountry "HUN"]
[BlackTeamCountry "HUN"]

1. e4 c5 2. Nf3 d6 3. d4 cxd4 4. Nxd4 Nf6 5. Nc3 g6 6. Be3 Nc6 7. Be2 Bg7 8. 0-0 0-0 9. Kh1 Bd7 10. f3 Qb6 11. Nxc6 Qxc6 12. Bb5 Qc7 13. Bxd7 Nxd7 14. Nd5 Qd8 15. Bg5 f6 16. Bf4 Ne5 17. Bg3 e6 18. Nf4 Qe7 19. Qd4 f5 20. exf5 Rxf5 21. Rad1 Nxf3 22. Qxd6 Qxd6 23. Rxd6 Be5 24. Rxe6 Nd2 25. Rf2 Ne4 26. Re2 Nxg3+ 27. hxg3 Bxb2 28. Re7 Rf7 29. R2e4 Raf8 30. Nd3 Ba3 31. Rxf7 Rxf7 32. Ra4 Bd6 33. Rxa7 Bxg3 34. Kg1 Rc7 35. Nb4 Re7 36. Nd3 Re2 37. Rxb7 Rxc2 38. Rb1 Rc3 1/2-1/2

[Event "HUN-chT4a 1415"]
[Site "Hungary"]
[Date "2015.02.22"]
[Round "5.1"]
[White "Szeles, Zoltan Jr"]
[Black "Erky, Tamas"]
[Result "1/2-1/2"]
[WhiteElo "1596"]
[BlackElo "1624"]
[PlyCount "67"]
[EventDate "2014.10.19"]
[EventType "team-tourn"]
[EventRounds "7"]
[EventCountry "HUN"]
[SourceTitle "EXT 2016"]
[Source "ChessBase"]
[SourceDate "2015.10.08"]
[SourceVersion "1"]
[SourceVersionDate "2015.10.08"]
[SourceQuality "1"]

1. e4 e6 2. Nf3 d5 3. exd5 exd5 4. d4 Bd6 5. Nc3 c6 6. Be3 Nf6 7. Qd2 Bg4 8. Be2 Nbd7 9. h3 Bh5 10. 0-0-0 Qc7 11. Ng5 Bg6 12. Bd3 Bxd3 13. Qxd3 h6 14. Nf3 0-0-0 15. Rhe1 Rde8 16. Qf1 Bf4 17. Rd3 Ne4 18. Nd2 Ndf6 19. Ndxe4 Nxe4 20. Nxe4 Rxe4 21. f3 Re6 22. Bxf4 Qxf4+ 23. Kb1 Rhe8 24. Rxe6 Rxe6 25. Qf2 g5 26. g3 Qf5 27. h4 g4 28. b3 h5 29. Re3 Rxe3 30. Qxe3 Qxf3 31. Qe8+ Kc7 32. Qe7+ Kb6 33. Qc5+ Kc7 34. Qe7+ 1/2-1/2

[Event "HUN-chT4a 1415"]
[Site "Hungary"]
[Date "2015.01.18"]
[Round "4.3"]
[White "Szeles, Zoltan Jr"]
[Black "Horvath, Tibor"]
[Result "0-1"]
[WhiteElo "1596"]
[BlackElo "1794"]
[PlyCount "56"]
[EventDate "2014.10.19"]
[EventType "team-tourn"]
[EventRounds "7"]
[EventCountry "HUN"]
[SourceTitle "EXT 2016"]
[Source "ChessBase"]
[SourceDate "2015.10.08"]
[SourceVersion "1"]
[SourceVersionDate "2015.10.08"]
[SourceQuality "1"]

1. e4 e6 2. d4 d5 3. exd5 exd5 4. Nf3 Bg4 5. Be2 Nf6 6. 0-0 Bd6 7. Ne5 Bxe2 8. Qxe2 0-0 9. Qb5 Qc8 10. Nd2 Re8 11. Ndf3 a6 12. Qb3 Nc6 13. Nxc6 bxc6 14. Bd2 Ne4 15. Rfe1 Re6 16. Qd3 Rg6 17. Ne5 Bxe5 18. dxe5 Qg4 19. g3 Qf5 20. f3 Nxg3 21. hxg3 Rxg3+ 22. Kf2 Qh3 23. Rf1 Re8 24. Bf4 Rg2+ 25. Ke3 g5 26. Rh1 gxf4+ 27. Kxf4 Qg3+ 28. Ke3 Qxe5+ 0-1